000 00476cam a22002051 4500
001 sa 68000276
003 DLC
005 20260227112422.0
008 891004s1958 np 000 0 newo
010 _asa 68000276
035 _a(OCoLC)20441223
040 _aDLC
_cWaU
_dDLC
042 _apremarc
050 0 0 _aPL3801.N59
_bI747
100 0 _aIshwara Nanda,
_d1928-
245 1 0 _aSandeśa.
260 _c[1958 or 9]
300 _a170 p.
_c17 cm.
500 _aIn Newari.
999 _c77087
_d77087